000 00545nam a2200169Ia 4500
008 090201s9999 xx 000 0 und d
010 _aKPL-13632
040 _bमराठी
041 _aमराठी
082 _a19091
_b13632
100 _aजयवंत दळवी
245 _aलोक आणि अलौकिक
_cजयवंत दळवी
260 _c2004
_bमॅजेस्टीक बुकस्टॉल
300 _a98
_bमोठा
600 _aलोक आणि अलौकिक
942 _cBOOK
999 _c218932
_d218932